[Event "Mechanics' Winter TNM; 30/90, SD/30"]
[Site "San Francisco"]
[Date "2012.02.14"]
[Round "7.7"]
[White "Ganesh, Vikram"]
[Black "Fuentes, Romulo"]
[Result "0-1"]
[WhiteElo "1830"]
[BlackElo "2211"]
[PlyCount "74"]
[EventDate "2012.??.??"]

1. e4 c5 2. Nc3 d6 3. f4 Nc6 4. Bb5 Bd7 5. Bxc6 Bxc6 6. Nf3 g6 7. d3 Bg7 8. O-O
Nh6 9. Qe1 Qd7 10. h3 O-O-O 11. Bd2 Kb8 12. Qh4 f5 13. Rae1 Rde8 14. e5 d5 15.
d4 cxd4 16. Nxd4 e6 17. Qf2 Bf8 18. Be3 a6 19. Rb1 Bb4 20. Nce2 Rc8 21. Nxc6+
Rxc6 22. Nd4 Rc4 23. c3 Be7 24. Kh1 Nf7 25. Rfd1 g5 26. g3 h5 27. h4 gxh4 28.
gxh4 Nh6 29. Nf3 Ng4 30. Qe2 Re4 31. Rd3 Nxe3 32. Rxe3 Rxf4 33. Qh2 Rg4 34. Rg1
Bc5 35. Rxg4 hxg4 36. Nd4 Bxd4 37. cxd4 Qh7 0-1

[Event "Mechanics' Winter TNM; 30/90, SD/30"]
[Site "San Francisco"]
[Date "2012.01.24"]
[Round "4.19"]
[White "Ganesh, Vikram"]
[Black "Graham, Ryan"]
[Result "1-0"]
[WhiteElo "1830"]
[BlackElo "1280"]
[PlyCount "35"]
[EventDate "2012.??.??"]

1. e4 c5 2. Nc3 Nc6 3. f4 g6 4. Nf3 Bg7 5. Bb5 Qb6 6. Bxc6 Qxc6 7. d3 d6 8. O-O
Be6 9. Ng5 Qb6 10. Nxe6 fxe6 11. f5 gxf5 12. Qh5+ Kd7 13. exf5 e5 14. Nd5 Qc6
15. Qf7 Bf6 16. Rf3 Re8 17. Rg3 h5 18. Rxg8 1-0

[Event "Mechanics' Spring TNM; 30/90, SD/30"]
[Site "San Francisco"]
[Date "2012.04.17"]
[Round "6.22"]
[White "Ganesh, Vikram"]
[Black "Hilliard, Michael"]
[Result "1-0"]
[WhiteElo "1831"]
[BlackElo "1535"]
[PlyCount "33"]
[EventDate "2012.??.??"]

1. e4 c6 2. d4 d5 3. e5 Bf5 4. g4 Be4 5. f3 Bg6 6. h4 h5 7. e6 Qd6 8. exf7+
Bxf7 9. Ne2 Nd7 10. Bf4 e5 11. Bg3 Qf6 12. Qd3 O-O-O 13. g5 Qe6 14. Bh3 Qe8 15.
Bxe5 Bg6 16. Qc3 Ne7 17. Qa5 1-0

[Event "Mechanics' Mar TNM; 30/90, SD/30"]
[Site "San Francisco"]
[Date "2012.08.21"]
[Round "4.19"]
[White "Ganesh, Vikram"]
[Black "Macintyre, Brendan"]
[Result "1-0"]
[WhiteElo "1880"]
[BlackElo "1689"]
[PlyCount "67"]
[EventDate "2012.??.??"]

1. e4 c5 2. Nc3 Nc6 3. f4 d6 4. Bb5 Nf6 5. Bxc6+ bxc6 6. d3 e6 7. Nf3 Be7 8.
O-O O-O 9. Qe1 Qc7 10. e5 Nd5 11. Ne4 f5 12. exd6 Bxd6 13. Nxd6 Qxd6 14. Qe5
Rd8 15. b3 Rb8 16. Bb2 Rb7 17. Rae1 Nf6 18. Qxd6 Rxd6 19. Ba3 Rd8 20. Ne5 Rd6
21. Bxc5 Rd5 22. b4 Bd7 23. c4 Rxe5 24. fxe5 Ne8 25. g4 g6 26. h3 Ng7 27. Rf3
a6 28. d4 Rb8 29. Ra3 Ra8 30. Rb1 Bc8 31. b5 Bb7 32. bxa6 Bxa6 33. Rb6 fxg4 34.
hxg4 1-0

[Event "Mechanics' Mar TNM; 30/90, SD/30"]
[Site "San Francisco"]
[Date "2012.09.04"]
[Round "6.8"]
[White "Ganesh, Vikram"]
[Black "Nagarajan, Pranav"]
[Result "0-1"]
[WhiteElo "1880"]
[BlackElo "1954"]
[PlyCount "134"]
[EventDate "2012.??.??"]

1. e4 c5 2. c3 d5 3. exd5 Qxd5 4. d4 Nc6 5. dxc5 Qxc5 6. Na3 Qe5+ 7. Be3 e6 8.
Nf3 Qb8 9. Qb3 Nf6 10. Bg5 Be7 11. Bd3 O-O 12. O-O e5 13. Bxf6 Bxf6 14. Qc2 g6
15. Rfe1 Bg7 16. Nd2 Be6 17. Bc4 Bxc4 18. Naxc4 b5 19. Ne3 Rd8 20. Rad1 Qb7 21.
Nb3 Rac8 22. Rxd8+ Rxd8 23. Rd1 Qc8 24. Qe2 Rxd1+ 25. Qxd1 Qd8 26. Qxd8+ Nxd8
27. c4 bxc4 28. Nxc4 Kf8 29. Kf1 Nc6 30. Ke2 Ke7 31. Nc5 f5 32. f3 Nb4 33. a3
Nd5 34. b3 Nf4+ 35. Kf1 Ne6 36. Nd3 e4 37. fxe4 fxe4 38. Nf2 Nd4 39. b4 Ke6 40.
Nxe4 Kd5 41. Ned2 Bh6 42. a4 Nc2 43. Ke2 Nxb4 44. Na3 a6 45. Nb3 Bf4 46. h3 Be5
47. Ke3 Bb2 48. Nb1 Nc2+ 49. Kd2 Na3 50. Nxa3 Bxa3 51. Kd3 Bc5 52. Nc1 a5 53.
Ne2 Bb4 54. Nc1 Ke5 55. Ke3 Bc5+ 56. Kd3 Bb4 57. Ne2 h6 58. Nc1 g5 59. Ne2 h5
60. Nd4 Kd5 61. Ne2 Be1 62. Nc1 Kc5 63. Na2 Bg3 64. Kc3 Be5+ 65. Kd3 h4 66. Nc3
Kb4 67. Ne4 Kxa4 0-1

[Event "Mechanics' Winter TNM; 30/90, SD/30"]
[Site "San Francisco"]
[Date "2012.01.31"]
[Round "5.13"]
[White "Ganesh, Vikram"]
[Black "Poling, Scott"]
[Result "1-0"]
[WhiteElo "1830"]
[BlackElo "1640"]
[PlyCount "75"]
[EventDate "2012.??.??"]

1. e4 e6 2. d4 d5 3. e5 c5 4. c3 Nc6 5. Nf3 Qb6 6. a3 c4 7. h4 Na5 8. Nbd2 Bd7
9. g3 Ne7 10. Bh3 h6 11. h5 Qc7 12. O-O Nc8 13. Ne1 Nb6 14. f4 O-O-O 15. f5 Be7
16. fxe6 Bxe6 17. Bxe6+ fxe6 18. Rf7 Rdf8 19. Rxg7 Rhg8 20. Qg4 Rxg7 21. Qxg7
Qd8 22. Qxh6 Kd7 23. Qe3 Rg8 24. Ng2 Bg5 25. Qf3 Rf8 26. Qg4 Rg8 27. Qh3 Bxd2
28. Bxd2 Nb3 29. Rd1 Na4 30. Bc1 Nxc1 31. Rxc1 Qg5 32. Rf1 Qxg3 33. Rf7+ Kd8
34. Qxg3 Rxg3 35. Kh2 Rg5 36. Nf4 Kc8 37. h6 Nxb2 38. h7 1-0

[Event "Mechanics' Spring TNM; 30/90, SD/30"]
[Site "San Francisco"]
[Date "2012.04.03"]
[Round "4.19"]
[White "Ganesh, Vikram"]
[Black "Standen, Julian"]
[Result "1/2-1/2"]
[WhiteElo "1831"]
[BlackElo "1600"]
[PlyCount "54"]
[EventDate "2012.??.??"]

1. e4 c6 2. d4 d5 3. e5 Bf5 4. g4 Bd7 5. Be2 e6 6. Nf3 c5 7. c3 Qb6 8. O-O Bb5
9. Bxb5+ Qxb5 10. dxc5 Bxc5 11. b4 Bf8 12. Nd4 Qd7 13. f4 Nc6 14. Be3 Nxd4 15.
Bxd4 Ne7 16. a4 Nc6 17. f5 Be7 18. Ra2 Nxd4 19. Qxd4 O-O 20. f6 gxf6 21. exf6
Bd6 22. Qd2 Kh8 23. Qh6 Rg8 24. g5 Rg6 25. Qh5 Rag8 26. Rg2 Qc7 27. Rf3 Bf8
1/2-1/2

[Event "Mechanics' Fall TNM; 30/90, SD/30"]
[Site "San Francisco"]
[Date "2012.11.13"]
[Round "5.26"]
[White "Godfrey, Benjamin"]
[Black "Bayaraa, Chinguun"]
[Result "0-1"]
[WhiteElo "1072"]
[BlackElo "1329"]
[PlyCount "122"]
[EventDate "2012.??.??"]

1. d4 d5 2. c4 e6 3. Nf3 Nf6 4. Bg5 Be7 5. Nc3 O-O 6. e3 Nbd7 7. Rc1 c6 8. Bd3
dxc4 9. Bxc4 Nd5 10. Bxe7 Qxe7 11. O-O Nxc3 12. Rxc3 e5 13. dxe5 Nxe5 14. Nxe5
Qxe5 15. Qb3 Rb8 16. f3 Bf5 17. e4 Bg6 18. Rd1 Qe7 19. Rcd3 Rbd8 20. a4 h6 21.
Qc3 Rxd3 22. Rxd3 Kh7 23. Qd2 Qc5+ 24. Kf1 Qxc4 25. Ke2 Rd8 26. Ke3 Qc5+ 27.
Ke2 Rxd3 28. Qxd3 f5 29. exf5 Bxf5 30. Qd2 Qc4+ 31. Ke3 Qxa4 32. g4 Qb3+ 33.
Kf4 Bg6 34. h4 Qc4+ 35. Ke3 Qe6+ 36. Kf4 Qd5 37. Qe3 Qd6+ 38. Qe5 Qxe5+ 39.
Kxe5 Bd3 40. g5 hxg5 41. hxg5 Kg6 42. f4 c5 43. Kd5 c4 44. Kc5 Kf5 45. Kd5 Kxf4
46. Kd6 Kxg5 47. Kc7 Kh5 48. Kxb7 g5 49. Kxa7 g4 50. Ka6 g3 51. Kb5 g2 52. Kb4
g1=Q 53. b3 cxb3 54. Kxb3 Qd4 55. Ka3 Bc4 56. Kb4 Ba2+ 57. Kb5 Qc4+ 58. Ka5 Qb3
59. Ka6 Kg6 60. Ka5 Kf6 61. Ka6 Ke6 0-1

[Event "Mechanics' Fall TNM; 30/90, SD/30"]
[Site "San Francisco"]
[Date "2012.12.04"]
[Round "8.21"]
[White "Godfrey, Benjamin"]
[Black "Campers, Willie"]
[Result "0-1"]
[WhiteElo "1072"]
[BlackElo "1607"]
[PlyCount "52"]
[EventDate "2012.??.??"]

1. d4 d5 2. c4 e6 3. Nf3 c6 4. Nc3 Bb4 5. Qb3 c5 6. a3 Ba5 7. Qb5+ Nc6 8. Ne5
Qc7 9. Nxc6 bxc6 10. Qxc5 Bb6 11. Qb4 Bxd4 12. e3 Be5 13. g3 Rb8 14. Qc5 Ne7
15. Bg2 Ba6 16. O-O Bxc4 17. Rd1 O-O 18. e4 Bb3 19. Re1 d4 20. Bg5 Ng6 21. f4
dxc3 22. fxe5 cxb2 23. Rab1 Ba2 24. Rbd1 b1=Q 25. Rxb1 Rxb1 26. Rxb1 Bxb1 0-1

[Event "Mechanics' Fall TNM; 30/90, SD/30"]
[Site "San Francisco"]
[Date "2012.11.06"]
[Round "4.25"]
[White "Godfrey, Benjamin"]
[Black "Cowgill, Jackie"]
[Result "1-0"]
[WhiteElo "1072"]
[BlackElo "939"]
[Annotator "Donaldson"]
[PlyCount "61"]
[EventDate "2012.??.??"]

1. d4 d5 2. c4 c6 3. Nf3 dxc4 4. a4 Nf6 5. Nc3 Bg4 6. Ne5 e6 7. Bg5 Be7 $4 8.
Bxf6 Bxf6 9. Nxg4 Nd7 10. Nxf6+ Nxf6 11. e3 Nd5 12. Bxc4 O-O 13. O-O Nf6 14.
Qc2 h6 15. Ne4 b6 16. Nxf6+ Qxf6 17. Bb3 Rfd8 18. Qxc6 Rab8 19. Qe4 g6 20. Rac1
Kg7 21. Rc7 a5 22. Rfc1 Kf8 23. Rb7 Rbc8 24. Rcc7 Re8 25. Qc6 Rxc7 26. Rxc7 Re7
27. Rc8+ Kg7 28. Qxb6 Qf5 29. Bc2 Qd5 30. Qd8 Qa2 31. Qh8# 1-0

[Event "Mechanics' Fall TNM; 30/90, SD/30"]
[Site "San Francisco"]
[Date "2012.10.23"]
[Round "2.25"]
[White "Godfrey, Benjamin"]
[Black "Hack, Richard"]
[Result "0-1"]
[WhiteElo "1072"]
[BlackElo "1639"]
[PlyCount "74"]
[EventDate "2012.??.??"]

1. d4 f5 2. e4 fxe4 3. Nc3 Nf6 4. Bg5 d5 5. f3 Bf5 6. Qd2 e6 7. O-O-O Be7 8.
fxe4 dxe4 9. Bc4 h6 10. Bf4 c6 11. Nge2 b5 12. Bb3 Nd5 13. Ng3 Nxf4 14. Qxf4
Bg5 15. Rhf1 Bxf4+ 16. Rxf4 Qd6 17. Nce2 g5 18. Rf2 Nd7 19. h3 Rf8 20. Rdf1 Bg6
21. Nh1 Rxf2 22. Nxf2 Ke7 23. Ng4 h5 24. Ne3 Rf8 25. Re1 a5 26. a3 a4 27. Ba2
Nb6 28. c3 Nd5 29. Nc2 e3 30. Kd1 Rf2 31. g4 hxg4 32. hxg4 Nf4 33. b4 Bxc2+ 34.
Kxc2 Rxe2+ 35. Rxe2 Nxe2 36. Kd3 Nc1+ 37. Kxe3 Qf4# 0-1

[Event "Mechanics' Winter TNM; 30/90, SD/30"]
[Site "San Francisco"]
[Date "2012.01.17"]
[Round "3.11"]
[White "Goins, Demetrius"]
[Black "Eytan, David"]
[Result "1-0"]
[WhiteElo "2100"]
[BlackElo "1608"]
[PlyCount "67"]
[EventDate "2012.??.??"]

1. d4 f5 2. Nf3 Nf6 3. Bg5 e6 4. Nbd2 Nc6 5. e4 Be7 6. exf5 exf5 7. Bd3 d6 8.
O-O O-O 9. Re1 Ng4 10. Bxe7 Nxe7 11. Qe2 Ng6 12. Bc4+ d5 13. Bb3 Nf4 14. Qf1
Rf6 15. g3 Rg6 16. Ne5 Nxh2 17. Kxh2 Rh6+ 18. Kg1 Nh3+ 19. Kg2 f4 20. Qe2 c6
21. c4 Ng5 22. Rh1 Bh3+ 23. Kg1 fxg3 24. fxg3 Qd6 25. cxd5 cxd5 26. Ne4 Nxe4
27. Qxe4 Rd8 28. Rc1 Be6 29. Rxh6 dxe4 30. Bxe6+ Kf8 31. Rf1+ Ke8 32. Bf7+ Ke7
33. Rxd6 Rxd6 34. d5 1-0

[Event "Mechanics' Spring TNM; 30/90, SD/30"]
[Site "San Francisco"]
[Date "2012.05.01"]
[Round "8.2"]
[White "Goins, Demetrius"]
[Black "Fuentes, Romulo"]
[Result "1-0"]
[WhiteElo "2102"]
[BlackElo "2205"]
[PlyCount "106"]
[EventDate "2012.??.??"]

1. d4 Nf6 2. Nf3 c5 3. e3 g6 4. c3 Bg7 5. dxc5 a5 6. Nd4 Na6 7. Bxa6 bxa6 8.
Qa4 Bb7 9. O-O h5 10. Nd2 Qc7 11. N2b3 e5 12. Ne2 h4 13. Qxa5 Qc6 14. f3 h3 15.
g3 Qd5 16. c6 Bxc6 17. Qxd5 Bxd5 18. e4 Bc4 19. Re1 a5 20. Be3 O-O 21. Nd2 d5
22. Nxc4 dxc4 23. Rad1 Rab8 24. Rd2 Rb5 25. Red1 Kh7 26. Kf1 Rfb8 27. Ng1 Rxb2
28. Nxh3 Bh6 29. Bxh6 Kxh6 30. Nf2 a4 31. Ke2 g5 32. Rxb2 Rxb2+ 33. Rd2 Rb6 34.
Nd1 g4 35. Nb2 gxf3+ 36. Kxf3 a3 37. Nxc4 Rc6 38. Nxe5 Rxc3+ 39. Rd3 Rxd3+ 40.
Nxd3 Nd7 41. Ne1 Nc5 42. Nc2 Nd3 43. Nxa3 Nb4 44. Kf4 Nxa2 45. Nc4 Nc3 46. g4
Kg7 47. h4 Ne2+ 48. Ke3 Nc3 49. g5 f6 50. Kf4 fxg5+ 51. hxg5 Kg6 52. Ne5+ Kg7
53. Kf5 Nd1 {remainder illegible} 1-0

[Event "Mechanics' Mar TNM; 30/90, SD/30"]
[Site "San Francisco"]
[Date "2012.09.04"]
[Round "6.3"]
[White "Goins, Demetrius"]
[Black "Grey, Peter"]
[Result "1/2-1/2"]
[WhiteElo "2129"]
[BlackElo "2014"]
[PlyCount "78"]
[EventDate "2012.??.??"]

1. d4 Nf6 2. Nf3 g6 3. Bg5 Bg7 4. Nbd2 d5 5. e3 O-O 6. Be2 Nbd7 7. c3 Re8 8.
Qb3 c6 9. O-O Qb6 10. Bf4 Nh5 11. Qxb6 axb6 12. Bc7 b5 13. e4 dxe4 14. Nxe4
Nhf6 15. Ned2 Nd5 16. Bg3 N7f6 17. Ne5 Bf5 18. a3 Ne4 19. Nxe4 Bxe4 20. Rfe1
Bf5 21. Bf3 Rad8 22. Be4 Bxe4 23. Rxe4 e6 24. Nd3 Nf6 25. Re2 Nh5 26. Bc7 Rc8
27. Be5 Bxe5 28. Rxe5 Nf6 29. Rae1 Nd7 30. R5e2 Red8 31. Rd2 Kg7 32. Red1 h5
33. g3 Kf8 34. Kg2 Ke7 35. Kf3 Rb8 36. Kf4 Nb6 37. Re2 Rd5 38. Re5 Rxe5 39.
Nxe5 Rd8 1/2-1/2

[Event "Mechanics' Winter TNM; 30/90, SD/30"]
[Site "San Francisco"]
[Date "2012.02.21"]
[Round "8.4"]
[White "Goins, Demetrius"]
[Black "Krasnov, Steven"]
[Result "1-0"]
[WhiteElo "2100"]
[BlackElo "1983"]
[PlyCount "77"]
[EventDate "2012.??.??"]

1. d4 d6 2. Nf3 g6 3. Bg5 Bg7 4. e3 Nf6 5. Be2 c6 6. c3 O-O 7. h3 Nbd7 8. Nbd2
Re8 9. O-O Qc7 10. a4 a5 11. Qb3 e5 12. dxe5 dxe5 13. Rfd1 Nc5 14. Qc4 Ne6 15.
Bh4 b6 16. b4 Ba6 17. b5 cxb5 18. axb5 Bb7 19. Bg3 Nd5 20. Ne4 Qxc4 21. Bxc4
Nxe3 22. Bxe6 Bxe4 23. Bxf7+ Kxf7 24. Rd7+ Kg8 25. fxe3 Bxf3 26. gxf3 e4 27.
fxe4 Rxe4 28. Bc7 Bxc3 29. Rc1 Rxe3 30. Bxb6 Rg3+ 31. Kf2 Be5 32. Bc7 Rf8+ 33.
Ke2 Bb2 34. Bxg3 Bxc1 35. b6 Re8+ 36. Kd1 Be3 37. b7 Ba7 38. Rc7 Re3 39. Bf2
1-0

[Event "Mechanics' Spring TNM; 30/90, SD/30"]
[Site "San Francisco"]
[Date "2012.04.17"]
[Round "6.6"]
[White "Goins, Demetrius"]
[Black "Morton, Adam"]
[Result "1-0"]
[WhiteElo "2102"]
[BlackElo "1849"]
[PlyCount "57"]
[EventDate "2012.??.??"]

1. d4 d5 2. c4 c6 3. Nf3 Nf6 4. Nc3 e6 5. Bg5 dxc4 6. g3 Nbd7 7. Bg2 h6 8. Bxf6
Nxf6 9. Ne5 Be7 10. O-O O-O 11. Nxc4 Qc7 12. Rc1 Rd8 13. e3 a6 14. Qb3 b5 15.
Ne5 Bb7 16. Ne4 Nxe4 17. Bxe4 c5 18. Bxb7 Qxb7 19. dxc5 Rac8 20. c6 Qc7 21. Nd7
Qa7 22. Rc2 Rc7 23. Rfc1 Rdc8 24. h4 Bd6 25. a3 Re8 26. Qd3 Be7 27. Qe4 a5 28.
Qe5 Rec8 29. Qxb5 1-0

[Event "Mechanics' Spring TNM; 30/90, SD/30"]
[Site "San Francisco"]
[Date "2012.04.03"]
[Round "4.3"]
[White "Goins, Demetrius"]
[Black "Odondoo, Ganbold"]
[Result "1/2-1/2"]
[WhiteElo "2102"]
[BlackElo "2311"]
[PlyCount "55"]
[EventDate "2012.??.??"]

1. d4 g6 2. e4 Bg7 3. c3 Nf6 4. e5 Nd5 5. Bc4 Nb6 6. Bb3 d6 7. f4 O-O 8. Nf3 c5
9. dxc5 dxc5 10. Qxd8 Rxd8 11. Be3 Na6 12. Nbd2 Nd5 13. Kf2 Nxe3 14. Kxe3 Nc7
15. Rhd1 Be6 16. Bxe6 Nxe6 17. Ne4 f6 18. g3 b6 19. h4 fxe5 20. Nxe5 Bxe5 21.
fxe5 h6 22. Nf2 Ng7 23. g4 Rf8 24. Rd7 Rf7 25. Ne4 Raf8 26. Rg1 Rf3+ 27. Ke2
R3f4 28. Ke3 1/2-1/2

[Event "Mechanics' Spring TNM; 30/90, SD/30"]
[Site "San Francisco"]
[Date "2012.03.20"]
[Round "2.6"]
[White "Goins, Demetrius"]
[Black "Shnaiderman, Lazar"]
[Result "1/2-1/2"]
[WhiteElo "2102"]
[BlackElo "1873"]
[Annotator "Donaldson"]
[PlyCount "76"]
[EventDate "2012.??.??"]

1. d4 Nf6 2. Nf3 e6 3. c4 Bb4+ 4. Bd2 Qe7 5. a3 (5. g3 Nc6 6. Bg2 Bxd2+ 7.
Nbxd2 (7. Qxd2 $2 Ne4 8. Qc2 Qb4+) 7... d6 8. O-O O-O 9. e4 e5 10. d5 Nb8 11.
Ne1 a5) 5... Bxd2+ 6. Qxd2 d6 7. Nc3 Nbd7 8. g3 b6 9. Bg2 Bb7 10. O-O O-O 11.
Qc2 e5 12. e4 Rfe8 13. Rfe1 c5 14. d5 Nf8 15. Nh4 Bc8 16. Nf5 Bxf5 17. exf5 Qd8
18. Re2 a6 19. Rae1 Ra7 20. Qd3 h6 21. h3 N8h7 22. Qd2 Rae7 23. f3 Ng5 24. h4
Ngh7 25. Bh3 Rb7 26. a4 Nd7 27. Ne4 Ndf8 28. f4 f6 29. fxe5 Rxe5 30. Nf2 Rbe7
31. Rxe5 Rxe5 32. Nd3 Nd7 33. Nxe5 Nxe5 34. Qc3 Qe8 35. Ra1 Qh5 36. Kf2 Ng5 37.
Bg2 Ngf7 38. Bh3 Ng5 1/2-1/2

[Event "Mechanics' Mar TNM; 30/90, SD/30"]
[Site "San Francisco"]
[Date "2012.08.28"]
[Round "5.4"]
[White "Goins, Demetrius"]
[Black "Todortsev, Victor"]
[Result "1-0"]
[WhiteElo "2129"]
[BlackElo "1950"]
[PlyCount "77"]
[EventDate "2012.??.??"]

1. d4 d5 2. c4 e6 3. Nc3 Nf6 4. Bg5 Be7 5. e3 O-O 6. Nf3 a6 7. Qc2 Nbd7 8. Rd1
c6 9. c5 b6 10. cxb6 Qxb6 11. Bd3 h6 12. Bh4 Rb8 13. Rb1 c5 14. O-O cxd4 15.
exd4 Bb7 16. Rfd1 Rbc8 17. Bh7+ Kh8 18. Bd3 Qd8 19. Qe2 Rc6 20. Rbc1 Nh5 21.
Bxe7 Qxe7 22. Nxd5 Qd6 23. Nc3 Nf4 24. Qe3 Nxd3 25. Rxd3 Rb6 26. Rd2 f5 27. Ne5
Kh7 28. f3 Nf6 29. Nc4 Qd8 30. Nxb6 Qxb6 31. Na4 Qd6 32. Nc5 Bd5 33. b3 g5 34.
Rdc2 g4 35. Qe5 Qb6 36. Nd3 Rf7 37. Nf4 gxf3 38. Rc7 Nd7 39. Nxd5 1-0

[Event "Mechanics' Mar TNM; 30/90, SD/30"]
[Site "San Francisco"]
[Date "2012.09.18"]
[Round "8.1"]
[White "Goins, Demetrius"]
[Black "Winslow, Elliott"]
[Result "0-1"]
[WhiteElo "2129"]
[BlackElo "2342"]
[PlyCount "68"]
[EventDate "2012.??.??"]

1. d4 Nf6 2. Nf3 g6 3. Bg5 Bg7 4. Nbd2 O-O 5. e3 d6 6. Be2 c5 7. c3 Nc6 8. O-O
cxd4 9. Nxd4 h6 10. Bh4 e5 11. Nxc6 bxc6 12. Qa4 Qc7 13. Rfd1 d5 14. Bg3 Re8
15. c4 Bf5 16. Rac1 Qb6 17. cxd5 cxd5 18. Bb5 Re6 19. Nb3 Rd8 20. Nd4 a6 21.
Bf1 exd4 22. Bc7 Qxb2 23. Bxd8 Ng4 24. Bh4 dxe3 25. fxe3 Nxe3 26. Re1 Re4 27.
Qc6 Bd4 28. Kh1 Nxf1 29. Rxf1 Rxh4 30. Qe8+ Kh7 31. Qxf7+ Bg7 32. Rc6 Be4 33.
Rf2 Qa1+ 34. Rf1 Qe5 0-1

[Event "Mechanics' Mar TNM; 30/90, SD/30"]
[Site "San Francisco"]
[Date "2012.08.07"]
[Round "2.14"]
[White "Goins, Demetrius"]
[Black "Zhao, Audrey"]
[Result "1-0"]
[WhiteElo "2129"]
[BlackElo "1777"]
[PlyCount "81"]
[EventDate "2012.??.??"]

1. d4 d5 2. c4 c6 3. Nf3 Nf6 4. Nc3 Bf5 5. Bg5 e6 6. e3 Nbd7 7. Be2 Bd6 8. Nh4
Bg6 9. cxd5 cxd5 10. O-O a6 11. Rc1 Rc8 12. h3 b5 13. Nxg6 hxg6 14. e4 dxe4 15.
Nxe4 Be7 16. Bf3 Rxc1 17. Qxc1 O-O 18. Nc5 Nxc5 19. dxc5 Nd5 20. Bxe7 Qxe7 21.
Rd1 Rd8 22. a3 Qc7 23. b4 Qc6 24. Qg5 Rd7 25. h4 Kf8 26. h5 gxh5 27. Qxh5 g6
28. Qh7 Qc7 29. Qh8+ Ke7 30. Qa8 Qa7 31. Qxa7 Rxa7 32. Bxd5 exd5 33. Rxd5 a5
34. Kf1 axb4 35. axb4 Ra4 36. Rd4 Ra6 37. Ke2 Rc6 38. Ke3 Ke6 39. Rd8 f5 40.
Rb8 Ke5 41. Rxb5 1-0

[Event "Mechanics' Winter TNM; 30/90, SD/30"]
[Site "San Francisco"]
[Date "2012.02.14"]
[Round "7.8"]
[White "Goins, Demetrius"]
[Black "de Lenea, Digne"]
[Result "1-0"]
[WhiteElo "2100"]
[BlackElo "1868"]
[PlyCount "67"]
[EventDate "2012.??.??"]

1. d4 Nf6 2. Nf3 g6 3. Bg5 Bg7 4. Nbd2 d5 5. e3 O-O 6. Be2 c5 7. c3 Nbd7 8. O-O
Qb6 9. Qb3 Qxb3 10. Nxb3 c4 11. Nbd2 h6 12. Bh4 g5 13. Bg3 Nh5 14. Bc7 g4 15.
Nh4 f5 16. b3 b5 17. a4 b4 18. cxb4 c3 19. Nb1 Bb7 20. Nxf5 Rxf5 21. Bxg4 e6
22. Bxf5 exf5 23. Rc1 f4 24. Nxc3 fxe3 25. fxe3 Re8 26. Nd1 Bc8 27. Ra2 Ndf6
28. Be5 Bf8 29. b5 Ng4 30. Bb8 Bf5 31. Bxa7 Bd6 32. g3 Nxe3 33. Re2 Re7 34. Bc5
1-0

[Event "Mechanics' Summer TNM; 30/90, SD/30"]
[Site "San Francisco"]
[Date "2012.07.03"]
[Round "7.17"]
[White "Graeber, Marie"]
[Black "Chernobilskiy, Mikhail"]
[Result "0-1"]
[WhiteElo "1424"]
[BlackElo "1855"]
[PlyCount "72"]
[EventDate "2012.??.??"]

1. d4 d5 2. c4 c6 3. Nc3 Nf6 4. h3 dxc4 5. e3 b5 6. a3 e6 7. Bd2 Bd6 8. Nf3 Bb7
9. e4 Be7 10. b3 cxb3 11. Qxb3 O-O 12. Rd1 a6 13. e5 Nd5 14. Be2 c5 15. dxc5
Nd7 16. Ne4 Nxc5 17. Nxc5 Bxc5 18. Bc3 Qb6 19. Bd4 Qa5+ 20. Kf1 Qxa3 21. Qb1
Bxd4 22. Rxd4 Nc3 23. Qd3 Bxf3 24. gxf3 Qc1+ 25. Kg2 Qg5+ 26. Rg4 Qxe5 27. Bf1
Rfd8 28. Qc2 Rac8 29. Qb2 Rd4 30. Qc2 Rcd8 31. Rh2 Rd2 32. Qb3 Qe1 33. Kg3 Nd1
34. Qb4 Nxf2 35. Rxg7+ Kxg7 36. Qc5 Nd3+ 0-1

[Event "Mechanics' Mar TNM; 30/90, SD/30"]
[Site "San Francisco"]
[Date "2012.07.31"]
[Round "1.13"]
[White "Graeber, Marie"]
[Black "De Lenea, Digne"]
[Result "0-1"]
[WhiteElo "1424"]
[BlackElo "1906"]
[PlyCount "90"]
[EventDate "2012.??.??"]

1. d4 Nf6 2. c4 c5 3. e3 g6 4. Nf3 Bg7 5. Nc3 O-O 6. Be2 b6 7. O-O d5 8. dxc5
bxc5 9. cxd5 Bb7 10. Bc4 Nbd7 11. a4 Nb6 12. Qb3 Nxc4 13. Qxc4 Bxd5 14. Qxc5
Bxf3 15. gxf3 Qd7 16. Qg5 Qc6 17. e4 Rfd8 18. Be3 h6 19. Qc5 Qe6 20. Kg2 Nd7
21. Qc7 Be5 22. Qa5 Qf6 23. h3 e6 24. Rab1 Bd6 25. Rbd1 Ne5 26. f4 Nc4 27. Qa6
Nxe3+ 28. fxe3 Bc5 29. Rxd8+ Rxd8 30. Qe2 g5 31. e5 Qg6 32. Kh2 Qd3 33. Re1 Qf5
34. Qf3 Rd2+ 35. Re2 Qd3 36. Kg3 Rxe2 37. Qxe2 gxf4+ 38. Kf3 Qxe2+ 39. Kxe2
fxe3 40. Ne4 Bd4 41. b4 Kg7 42. Kd3 Bxe5 43. Kxe3 f5 44. Nc5 Kf7 45. Nd7 Bd6
0-1

[Event "Mechanics' Summer TNM; 30/90, SD/30"]
[Site "San Francisco"]
[Date "2012.06.26"]
[Round "6.24"]
[White "Graeber, Marie"]
[Black "Hack, Richard"]
[Result "1-0"]
[WhiteElo "1424"]
[BlackElo "1666"]
[PlyCount "83"]
[EventDate "2012.??.??"]

1. d4 f5 2. c4 Nf6 3. Nc3 g6 4. Nf3 Bg7 5. g3 O-O 6. Bg2 d6 7. O-O Qe8 8. Re1
Qf7 9. Qb3 Ne4 10. Rf1 c6 11. d5 h6 12. h4 Na6 13. Be3 Nac5 14. Qc2 Nxc3 15.
bxc3 cxd5 16. cxd5 Qxd5 17. Rad1 Qf7 18. Qd2 Ne4 19. Qc1 Nxc3 20. Rd2 Nxa2 21.
Qa3 Nc3 22. Bd4 Nb5 23. Qb4 Nxd4 24. Nxd4 d5 25. Nb5 e6 26. Rc1 Be5 27. Qb3 Kh7
28. f4 Bb8 29. Rdc2 Qe8 30. Rxc8 Qxc8 31. Rxc8 Rxc8 32. Nd4 e5 33. fxe5 Bxe5
34. Qxd5 Bxd4+ 35. Qxd4 Rd8 36. Qb4 Rd7 37. Qb3 a5 38. Qa4 Rc7 39. Kf2 h5 40.
Bd5 Ra7 41. Qb5 a4 42. Qb6 1-0

[Event "Mechanics' Mar TNM; 30/90, SD/30"]
[Site "San Francisco"]
[Date "2012.08.14"]
[Round "3.16"]
[White "Graeber, Marie"]
[Black "Harmon, Frederick"]
[Result "0-1"]
[WhiteElo "1542"]
[BlackElo "1819"]
[PlyCount "60"]
[EventDate "2012.??.??"]

1. d4 d5 2. c4 c6 3. Nc3 e6 4. Nf3 a6 5. cxd5 cxd5 6. Bg5 Be7 7. Bxe7 Nxe7 8.
e3 Nbc6 9. Rc1 Bd7 10. Bd3 O-O 11. O-O f5 12. Bb1 Nc8 13. a3 Nd6 14. Ba2 Rc8
15. Na4 b6 16. h4 Ne4 17. Nc3 Kh8 18. Nxe4 fxe4 19. Ne5 Nxe5 20. Rxc8 Bxc8 21.
dxe5 Qxh4 22. Qd4 Qd8 23. Qd1 Bd7 24. g3 Bb5 25. Re1 Qg5 26. a4 Bd3 27. f4
Qxg3+ 28. Kh1 Rf5 29. b4 Qh4+ 30. Kg1 Rh5 0-1

[Event "Mechanics' Summer TNM; 30/90, SD/30"]
[Site "San Francisco"]
[Date "2012.05.29"]
[Round "2.22"]
[White "Graeber, Marie"]
[Black "Lacounte, Brendan"]
[Result "0-1"]
[WhiteElo "1424"]
[BlackElo "1772"]
[PlyCount "56"]
[EventDate "2012.??.??"]

1. d4 d5 2. Nf3 Bf5 3. c4 c6 4. Nc3 Nf6 5. e3 e6 6. c5 b6 7. b4 a5 8. cxb6 Bxb4
9. Bd2 Bxc3 10. Bxc3 Qxb6 11. Qb3 Nbd7 12. Be2 Ne4 13. Rc1 Qxb3 14. axb3 O-O
15. O-O c5 16. Bb2 cxd4 17. exd4 Rab8 18. Ra1 Rxb3 19. Ba3 Ra8 20. Bd1 Rbb8 21.
Ba4 Ndf6 22. Be7 Nc3 23. Bc6 Ra6 24. Ne5 Ne2+ 25. Kh1 Nxd4 26. Rfc1 Nb3 27. Bb7
Rb6 28. Bxf6 gxf6 0-1

[Event "Mechanics' Summer TNM; 30/90, SD/30"]
[Site "San Francisco"]
[Date "2012.06.05"]
[Round "3.25"]
[White "Graeber, Marie"]
[Black "Lavin, Michael"]
[Result "1-0"]
[WhiteElo "1424"]
[BlackElo "1701"]
[PlyCount "61"]
[EventDate "2012.??.??"]

1. d4 f5 2. Nf3 Nf6 3. b3 e6 4. Bb2 Be7 5. Nbd2 O-O 6. e3 b6 7. Bd3 Bb7 8. Qe2
Nc6 9. a3 Qe8 10. Ne5 d6 11. Nxc6 Bxc6 12. e4 fxe4 13. Nxe4 Nxe4 14. Bxe4 Bxe4
15. Qxe4 Bg5 16. O-O Rf4 17. Qe2 Qg6 18. Rad1 Raf8 19. f3 Bh6 20. Bc1 R4f5 21.
Bxh6 Qxh6 22. Rde1 e5 23. dxe5 Rxe5 24. Qc4+ Kh8 25. Rxe5 dxe5 26. Qxc7 Qe3+
27. Kh1 Qd4 28. h3 h6 29. Qxa7 Rd8 30. Qa6 Qd7 31. Qxb6 1-0